Význam kreatívnych ľudí pri rozvoji územia autoreferát dizertačnej práce
Saved in:
| Main Author: | |
|---|---|
| Corporate Author: | |
| Other Authors: | |
| Format: | Book |
| Language: | Slovak English |
| Published: |
Banská Bystrica
2019
|
| Subjects: | |
| Tags: |
No Tags, Be the first to tag this record!
|
MARC
| LEADER | 00000nam a2200000 4500 | ||
|---|---|---|---|
| 001 | 0258756 | ||
| 005 | 20230116134238.3 | ||
| 041 | 0 | |a slo | |
| 041 | 0 | |a eng | |
| 044 | |a SK | ||
| 245 | 1 | 0 | |a Význam kreatívnych ľudí pri rozvoji územia |b autoreferát dizertačnej práce |c Janka Šúrová ; školiteľ: Anna Vaňová |
| 264 | 1 | |a Banská Bystrica |c 2019 | |
| 300 | |a 38 s. | ||
| 610 | 2 | 0 | |a ekonomika kreatívna |
| 610 | 2 | 0 | |a kapitál ľudský |
| 610 | 2 | 0 | |a kreativita |
| 610 | 2 | 0 | |a výhody konkurenčné |
| 610 | 2 | 0 | |a Slovensko |
| 100 | 1 | |a Šúrová, Janka | |
| 700 | 1 | |a Vaňová, Anna | |
| 710 | 2 | |a Univerzita Mateja Bela v Banskej Bystrici. Ekonomická fakulta | |